| 000 | 00675nam a2200181 i 4500 | ||
|---|---|---|---|
| 001 | 47636 | ||
| 003 | ES-MaACL | ||
| 005 | 20230906161613.0 | ||
| 007 | t| | ||
| 008 | 030509s1878 sp ||||1| spa d | ||
| 100 | 1 |
_aCoral, Carlos del. _940443 |
|
| 245 | 1 | 0 |
_aMemoria sobre la organización, métodos y programas de la Enseñanza Secundaria (accesoria) especial (enseignement secondaire spècial) en Francia / _cpor Carlos del Coral. |
| 260 |
_aGerona : _b[s.n.], _c[1879?] ( _fImpr. del Hospicio Provincial) |
||
| 300 |
_a27, [4] p. ; _c26 cm. |
||
| 500 | _aFecha en prelim.: 1879. | ||
| 650 | 4 |
_aEnseñanza secundaria- _zFrancia. _9135996 |
|
| 852 |
_aES-MaACL _jT-386-F-11 |
||
| 999 |
_c47636 _d47636 |
||